000 01297nam2a22002291 4500
001 rc\4734461
005 20250612014332.0
035 _a(NLR Aleph) 008449369
090 _a9527527
_c9527527
100 _a20130416d1965 |||y0rusy50 ca
101 0 _arus
102 _aRU
105 _aa z |||||
200 1 _aСепараторы-осветлители, сепараторы комбинированные
210 _aМосква
_cБ. и.
_d1965
215 _a68 с.
_cил.
461 0 _1001rc\4734459
_12001#$aПромышленные жидкостные сепараторы$eКаталог-справочник$eЧ. 1-2$fНауч.-исслед. ин-т информации по машиностроению "НИИМаш". Гос. ком. по машиностроению при Госплане СССР$vЧ. 2
_99527516
_cМосква
_d1965
_fНауч.-исслед. ин-т информации по машиностроению "НИИМаш". Гос. ком. по машиностроению при Госплане СССР
_nБ. и.
_oКаталог-справочник : Ч. 1-2
_p2 т.
_tПромышленные жидкостные сепараторы
_vЧ. 2
801 0 _aRU
_bNLR
_gpsbo
801 1 _aRU
_bELAR
_2rusmarc
852 _aNLR
_jПт 66/522
942 _cBOOK
980 _aNB